Aká je úloha manažéra pri riešení konfliktov

Úloha manažéra pri riešení konfliktov. Postupy a techniky, ktorých cieľom je zvrátiť nepriaznivý vývoj konfliktu. Tri základné spôsoby riešenia konfliktov, ktoré môže manažér využívať a navzájom kombinovať.

Salvato in:
Dettagli Bibliografici
Autore principale: Buľubaš Milecová, Miroslava
Natura: Capitolo di libro
Lingua:slovacco
Soggetti:
Tags: Aggiungi Tag
Nessun Tag, puoi essere il primo ad aggiungerne!!

MARC

LEADER 00000naa a2200000 4500
001 0156609
005 20230912101600.4
041 0 |a slo 
044 |a SK 
245 1 0 |a Aká je úloha manažéra pri riešení konfliktov  |c Miroslava Buľubaš Milecová 
520 |a Úloha manažéra pri riešení konfliktov. Postupy a techniky, ktorých cieľom je zvrátiť nepriaznivý vývoj konfliktu. Tri základné spôsoby riešenia konfliktov, ktoré môže manažér využívať a navzájom kombinovať. 
610 2 0 |a manažéri 
610 2 0 |a metódy riadenia 
610 2 0 |a vedenie ľudí 
610 2 0 |a technika riadenia 
610 2 0 |a rozhodovanie 
610 2 0 |a konflikty 
610 2 0 |a spory pracovné 
100 1 |a Buľubaš Milecová, Miroslava